[Event "Spielvogel 2021"]
[Site "Mechanics Institute"]
[Date "2021.02.11"]
[Round "1"]
[White "Douglas, Kalen"]
[Black "Loveband, Rob"]
[Result "0-1"]
[WhiteElo "813"]
[BlackElo "1611"]

1.d4 Nf6 2.Bf4 g6 3.Nc3 Bg7 4.e4 d6 5.Qd2 O-O 6.O-O-O c6 7.h4 b5 8.a3 a5 9.Bh6
b4 10.Bxg7 bxc3 11.Qxc3 Kxg7 12.d5 Kg8 13.f3 cxd5 14.exd5 Bb7 15.Bc4 Nbd7
16.g4 Rc8 17.Qb3 Qc7 18.Rd4 Nb6 19.g5 Nh5 20.Bd3 Qc5 21.c3 Qxd4 {#R} 0-1

[Event "Spielvogel 2021"]
[Site "Ballarat Chess Club"]
[Date "2021.02.11"]
[Round "1"]
[White "Oppenheim,Tom"]
[Black "Stewart, Scott"]
[Result "0-1"]
[WhiteElo "1076"]
[BlackElo "1707"]

1.e4 c5 2.Nf3 d6 3.d4 cxd4 4.Nxd4 a6 5.Nc3 Nf6 6.h3 e6 {Already I am out of
book, not familiar with h3 I went for a more flexible mini-centre, wait and
see how things develop.} 7.Bd3 Be7 8.O-O Qc7 9.Be3 b5 {Placing a claim on c4
and opening the long diagonal for deployment of the Light Squared Bishop.}
10.a3 {I think a4 would be better than a3. directly contesting Black's control
of c4. the passive a3 holding off the move .10...b4. is not really doing much,
Black is not threatening to win the e4 pawn by chasing away the c3 knight.
Black is happy to keep the pawn on b5 holding the key c4 square .} Bb7 11.f4
Nbd7 12.f5 e5 13.Nf3 Nb6 {I thought I was ready to play d5, probably I should
castle sooner rather than later as well.} 14.Qd2 {White really needs to get
their king off the g1 a7 diagonal,. Possibly consider KS pawn expansion and
deployment of his pieces to the King Side. Kh1, Ke1} d5 15.Bg5 {Stockfish says
this was a blunder though I missed it in the game.} Rd8 (15...Bc5+ 16.Kh2 Nxe4
17.Bxe4 dxe4 18.Nh4 f6 19.Be3 Nc4 {winning a piece, but easy to miss :)})
16.Bxf6 Bxf6 17.Qe2 Nc4 {Better was O-O here, with correct play White can
return the game to equality} 18.Nxd5 (18.Bxc4 dxc4 (18...Qc5+ 19.Kh2 dxc4 {and
Black is only slightly better})) 18...Bxd5 19.exd5 Nxb2 20.Be4 Nc4 21.Rfd1 O-O
22.Rd3 {White is still best served getting his King off the g1 a7 diagonal,
thought his position is much worse now. Black's pieces are better placed and
his pawns have no weaknesses.} Rfe8 23.Ra2 Nb6 24.Nd2 Nxd5 25.Qf3 Nf4 26.Rxd8
Rxd8 27.Nf1 Qc4 {The rook is gone, undefended pieces have a tendency to drop
off the boardand combined with the check available on the a7 g1 diagonal there
is no saving the rook} 28.Ne3 Qxa2 29.Ng4 Qa1+ 30.Kh2 Rd1 31.g3 Rd2+ {All in
all not a bad game at all from my lower rated opponent.} {#R} 0-1

[Event "Spielvogel 2021"]
[Site "Mechanics Institute"]
[Date "2021.02.18"]
[Round "2"]
[White "Goodison, Leonard"]
[Black "Cook, Patrick"]
[Result "1/2-1/2"]
[WhiteElo "1107"]
[BlackElo "1537"]

1.e4 e6 2.d4 d5 3.e5 c5 4.c3 Nc6 5.Nf3 Qb6 6.Be2 Nh6 7.O-O cxd4 8.cxd4 Nf5
9.Nc3 Nfxd4 10.Nxd4 Qxd4 11.Qxd4 Nxd4 12.Be3 Nxe2+ 13.Nxe2 Bd7 14.Rac1 Bb5
15.Rfe1 Bb4 16.Nc3 Bc6 17.a3 Bxc3 18.Rxc3 O-O 19.Bc5 Rfc8 20.Bd6 Bd7 21.Rb3 b6
22.h3 Rc2 23.Ree3 Rac8 24.Bb4 Ba4 25.Rbc3 R2xc3 26.Rxc3 Rxc3 27.Bxc3 Kf8
28.Kf1 Ke7 29.Ke2 Kd7 30.Ke3 Kc6 31.Kd4 Bc2 32.Bb4 g6 {#d} 1/2-1/2

[Event "Spielvogel 2021"]
[Site "Ballarat Chess Club"]
[Date "2021.02.18"]
[Round "2"]
[White "Dao, Paul "]
[Black "Harrison, Harrison"]
[Result "0-1"]
[WhiteElo "537"]
[BlackElo "1677"]

1.e4 c6 2.d4 h6 3.Nc3 b6 4.Bd3 a6 5.a4 Bb7 6.Be3 d6 7.Nf3 Nd7 8.e5 c5 9.e6
Ndf6 10.exf7+ Kxf7 11.dxc5 bxc5 12.Nh4 g5 13.Ng6 Kg7 14.Nxh8 Kxh8 15.Rg1 Qb6
16.Rb1 Qc7 17.g3 d5 18.Bd2 e5 19.f4 e4 20.fxg5 hxg5 21.Bxg5 exd3 22.Qxd3 Qe5+
23.Be3 d4 24.Nd1 dxe3 25.Qxe3 Qxe3+ 26.Nxe3 Re8 27.Kf2 c4 28.h3 Bc5 {#R} 0-1

[Event "Spielvogel 2021"]
[Site "?"]
[Date "2021.02.18"]
[Round "2"]
[White "Loveband, Rob"]
[Black "Lyons, Nick"]
[Result "1-0"]
[WhiteElo "1611"]
[BlackElo "1100"]

1.d4 d5 2.c4 Nf6 3.cxd5 Nxd5 4.e4 Nf6 5.Nc3 Bg4 6.f3 Bh5 7.Be3 e5 8.Qa4+ c6
9.dxe5 b5 10.Qb3 Nfd7 11.Rd1 Qe7 12.Nge2 Nxe5 13.Ng3 g6 14.a4 a6 15.Be2 Bg7
16.O-O O-O 17.axb5 axb5 18.Rd2 Nbd7 19.Rfd1 Nc5 20.Qc2 Ne6 21.b3 Rfd8 22.Rxd8+
Rxd8 23.Nb1 Rxd1+ 24.Qxd1 Bf6 25.Nxh5 gxh5 26.f4 Ng6 27.f5 Nef4 28.fxg6 Nxe2+
29.Qxe2 hxg6 30.Nd2 Bc3 31.Qd3 Bxd2 32.Bxd2 Qc5+ 33.Be3 Qb4 34.Kf2 Qe7 35.g3
Qf6+ 36.Ke2 Qb2+ 37.Bd2 Qf6 38.Bc3 Qg5 39.Qd4 f6 40.Qd8+ Kf7 41.Qd7+ Kg8
42.Qe8+ Kh7 43.Qf7+ Kh6 44.Bd2 {#r} 1-0

[Event "Spielvogel 2021"]
[Site "Mechanics Institute"]
[Date "2021.02.18"]
[Round "2"]
[White "Brotheridge, Jamie"]
[Black "Douglas, Kalen"]
[Result "1-0"]
[WhiteElo "1518"]
[BlackElo "813"]

1.d4 d5 2.Nf3 e6 3.Bf4 c5 4.e3 Nc6 5.c3 Qb6 6.Qb3 cxd4 7.exd4 Nge7 8.Nbd2 Ng6
9.Qxb6 axb6 10.Bc7 Be7 11.Bxb6 O-O 12.Nb3 e5 13.dxe5 Ncxe5 14.Nxe5 Nxe5 15.a3
{rush move} Nc4 16.Bxc4 dxc4 17.Nd2 Be6 18.O-O Ra6 19.Bd4 Bd5 20.Rfe1 Rg6
21.Rxe7 Bxg2 22.Re3 Bd5+ 23.Rg3 Rxg3+ 24.fxg3 Re8 25.Kf2 f6 26.Nf1 b5 27.Ne3
Bc6 28.Ke2 Kf7 29.Rf1 Re6 30.Kd2 Kg6 31.Nf5 Bd5 32.Ne3 Kg5 33.Rf2 Rd6 34.a4
Bc6 35.axb5 Bxb5 36.Rf5+ Kg6 37.Rxb5 {#r} 1-0

[Event "Spielvogel 2021"]
[Date "2021.02.18"]
[Round "2"]
[White "Perrin, Kevin "]
[Black "Coffey, Ruari"]
[Result "0-1"]
[WhiteElo "1531"]
[BlackElo "1701"]

1.d4 Nf6 2.c4 e6 3.Nc3 Bb4 4.a3 Bxc3+ 5.bxc3 c5 {I was hoping to completely
ruin white's pawn structure and then play against tripled, isolated pawns but
am also fine with a pawn near the centre. (R.C)} 6.e3 O-O 7.Bd3 Nc6 8.Nf3 d5
9.cxd5 exd5 10.O-O {Interestingly enough, this is a mistake and allows black
to take initiative on the position. White had to do something about the centre
of the board first. (R.C)} c4 11.Be2 Ne4 12.Bb2 Na5 13.a4 Nb3 14.Ra2 Bf5
{Trying to discourage Qc2 as an idea and then using the bishop to destroy
blacks' hold in white's camp. (R.C)} 15.Ne5 Qa5 16.Qe1 Rfc8 {I knew that Ba3
was going to be played at some point but wasn't sure if I could entice giving
the exchange or if white will plant the bishop on b4. I also had the idea of
playing b5 at some point to open some more lines. (R.C)} 17.f3 Ned2 18.Rf2 f6
19.e4 fxe5 20.exf5 exd4 21.cxd4 c3 {I had already decided on this move whilst
walking about and completely forgot that the queen is undefended. Nxf3+ wins
the queen. (R.C)} 22.Bc1 Qb4 {Perhaps Rd8 was more accurate but I was trying
to focus on my passed pawn and attempting to reduce the rooks presence on f2
with a pin} 23.Bb5 Qxd4 24.Ba3 {Suddenly, white's bishops are alive and
looking scary, pointing towards the black king. All for the price of a pawn as
well. (R.C)} Qf6 25.Bd7 Rc5 {I figured the knights and pawns were fair enough
for the exchange down but something had to be done about the bishops. (R.C)}
26.Be6+ Kh8 27.Bxc5 Nxc5 28.Rfxd2 cxd2 29.Rxd2 {The material is know even with
white's position looking nicer than during the opening. The rest of the game
is a matter of endgame technique. (R.C)} d4 30.a5 Re8 31.Qf2 Nxe6 32.fxe6 Qxe6
33.h3 {Creates a bit more breathing room for the king but perhaps gives black
just that extra move. (R.C)} Qa6 34.Qxd4 Qxa5 35.Qd7 {White offered a draw. I
figured though, if any side was to push for a win, it was black. (R.C)} Rg8
36.Rc2 Qd8 {If the queens are traded, black will definitely win. There is also
the tactic of Qd1+ with an attack on the rook as well so the queen has very
few safe squares that do the job. (R.C)} 37.Qa4 b5 38.Qb3 Qb6+ 39.Kh2 a5
40.Re2 Qc7+ 41.Kh1 Qc4 42.Qb2 b4 43.Re4 Qd5 44.Re5 Qd1+ 45.Kh2 Qd6 46.f4 a4
47.Re4 Rb8 48.Qe2 Qf8 {Blacks pieces are more passive but those pawns are
almost rolling down the board. (R.C)} 49.f5 b3 50.f6 gxf6 {#R} 0-1

[Event "Spielvogel 2021"]
[Site "Mechanics Institute"]
[Date "2021.02.25"]
[Round "3"]
[White "Cook, Patrick"]
[Black "Perrin, Kevin"]
[Result "1-0"]
[WhiteElo "1537"]
[BlackElo "1531"]

1.d4 Nf6 2.c4 e6 3.Nc3 Bb4 4.Qc2 O-O 5.a3 Bxc3+ 6.Qxc3 d5 7.Nf3 dxc4 8.Qxc4 b6
9.Bg5 Ba6 10.Qc2 h6 11.Bxf6 Qxf6 12.g3 Rd8 13.Bg2 Bb7?! 14.Qxc7 Rd7 15.Qe5 Qg6
16.Nh4 Qc2 17.Bxb7 Qxb2? {this loses a piece...(P.C.)} 18.O-O Rxb7 19.Qe4 Nc6
20.Qxc6 Rab8 21.e3 b5 22.Rfc1 Qe2 23.Qc2 Qh5 24.Qe4 Qe2 25.Rc2 Qh5 26.Rc5 Qe2
27.Rac1 Kf8 28.Rc8+ Ke7 29.Rxb8 Rxb8 30.Qc2 {finally!...White is able to force
an exchange of Queens (P.C.)} Qxc2 31.Rxc2 Rb7 32.Nf3 a5 33.Ne5 Kd6 34.Rc5 f6
35.Nd3 b4 36.Rxa5 b3 37.Nb2 Rc7 38.Rb5 Rc3 39.a4 Kc6 40.Rb4 Kd5 41.Kg2 e5
42.a5 exd4 43.exd4 Rc6 44.Rxb3 Ra6 45.Ra3 Kxd4 46.Kf3 g5 {Black offered a
draw...!(P.C.)} 47.Kg4 Ke5 48.Nd3+ Kd4 49.Nb4 Ra8 50.a6 Kc4 51.Nc6 Kc5 52.Ne7
Kb4 53.Ra1 Kc5 54.a7 Kb6 55.Kf5 Kc7 56.Kxf6 Kd7 57.Nf5 Ke8 58.Nxh6 Kf8 59.Kxg5
Kg7 60.f4 Kh7 61.f5 Kh8 62.f6 Kh7 {62...Rxa7 might have been played here,
since 63.Rxa7...would be stalemate!, but 63.f7!... would be a nice
follow-up.(P.C.)} 63.Ra6 Kh8 64.Kf5 Kh7 65.Ng4 Kg8 66.Ne5 Kh8 67.f7 Kg7 68.Ke6
Kf8 69.Nd7+ Kg7 70.Ke7 Kh7 71.Nf6+ Kh8 72.Ne8 Kh7 73.f8=Q Rxe8+ 74.Qxe8 {Not
74.Kxe8...stalemate! (P.C.)} {#r} 1-0

[Event "Spielvogel 2021"]
[Site "Mechanics Institute"]
[Date "2021.02.18"]
[Round "2"]
[White "Stewart, Scott"]
[Black "Feinberg, Julian"]
[Result "1-0"]
[WhiteElo "1707"]
[BlackElo "1500"]

1.e4 c5 2.d4 cxd4 3.c3 d6 {Morra declined, but instead of proving the gambit
the tables are turned and Black has to prove it's justified handing over the
centre.} 4.cxd4 a6 5.Nf3 e6 6.Nc3 Nc6 7.Be2 Nf6 8.Bg5 Be7 9.O-O O-O 10.a4 Bd7
11.Qd2 Rc8 12.Rfd1 Na5 {Wanting to fork on b3} 13.Rab1 (13.Ra2 {I think this
would be an improvement}) 13...Nc4 14.Qd3 h6 15.Bc1 d5 16.b3 {When I played b3
I thought d6 was not available, but on a deeper inspection Black could have
seized a slight edge here} Nb6 (16...Nd6 17.e5 Nfe4 18.exd6 Rxc3 19.dxe7 Qxe7
{Whites Queen is trapped}) 17.e5 Nh7 18.a5 Na8 19.b4 {I wasn't overjoyed with
the position, I want to get a knight to c5 but it is looking very difficult.
a4 is not available and b3 block's the defence of b4. My problem was solved
with Black's next move however} Rc4 20.Ba3 Ng5 21.Nd2 Rc8 22.Nb3 Nc7 23.Nc5
Bxc5 24.bxc5 {White has gained a target in the weaknes of b7 on b7} Nb5 25.Bb4
Re8 26.h4 Nh7 {I thought Ne4 was a better. Black's pieces are coming to life
and whites d4 pawn is exposed and becomes a target} (26...Ne4 27.Nxe4 dxe4
28.Qxe4 Bc6 29.Qf4) 27.g3 Nxc3 28.Qxc3 Nf8 29.Ba3 Bc6 30.Bc1 Nd7 31.Bf4 f6
32.exf6 Nxf6 33.f3 Rf8 34.Bd3 Ne8 35.Re1 {This was a blunder, I squandered
most of my advantage. As soon as I moved the rook my heart sank. I saw it
instantly and I had to sit there for several minutes poker face on.} Qf6??
(35...Rxf4 {lovely timely exchange sac missed...ouch} 36.gxf4 Qxh4 37.Rb3 {Now
white has to deal with an exposed king and can boast only a slight edge.})
36.Re3 Rd8 37.Rbe1 Bd7 {Black is running out of moves} 38.Qb4 Bc8 39.Be5 Qe7
40.Qb1 Kh8 {Just shuffling left now for Black as White slowly but surely
tightens his grip on the position} 41.Bg6 Rg8 42.Rb3 {Clearing the c1 h6
diagonal for the use of my Queen} Qf8 43.Qc1 Qe7 {oops, now was not a time for
shuffling but the best move Nf6 only fights on for a while longer.} (43...Nf6
44.g4 Qe7 45.g5 Nh7 46.gxh6 {and the end was nigh}) 44.Qxh6# 1-0

[Event "Spielvogel 2021"]
[Site "Mechanics Institute"]
[Date "2021.02.25"]
[Round "3"]
[White "Harrison, Harrison"]
[Black "Stewart, Scott"]
[Result "0-1"]
[WhiteElo "1643"]
[BlackElo "1707"]

1.Nf3 c5 {I thought I would at least invite a Sicilian} 2.a4 {Out of book, but
really what is the book other than the application of opening principals. We
shouldn't be alarmed when faced with unprincipled play} Nc6 3.Ra3 e5 {d5 is
better than this as e5 allows e4 and cedes the d5 square, but that's not how
play continues} 4.Nxe5 {Not the best continuation for white but definately the
move that makes Ra3 look like it has purpose} Nxe5 5.Re3 Qc7 6.f4 f6
{Objectively d6 is a bit better than this, White is actually better here for a
while and I felt under a lot of pressure but I appreciate the open f file
later in the game} 7.fxe5 fxe5 8.d4 d6 9.dxe5 dxe5 10.Qd5 {Black is struggling
to consolidate, I only have only moves at the moment.} Bd6 {else I lose a
pawn} 11.Rd3 Be7 {else I lost the Boshop} 12.Nc3 Nf6 {with tempi which helps}
13.Qc4 Bd7 {I liked Bd7 as it gave some uncertainty to the position, will my
King duck to the Queenside? I didn't know I was keeping my options open as I
have yet to secure a Kingside exit.} 14.Nb5 {I don't like this move for white
at all. the knight has no future here and Whites Kingside development needs
attention.} Qc6 {and the knight is doing nothing} 15.Bg5 {Again another tempi
spent on not much ignoring the White Kingside development} a6 16.Nc3 Be6 {The
queen has only 1 square and is doing very little on h5} 17.Qh4 h6 {I missed c4
here according to stcokfish, I believe h6 was not a necessary move and just
wastes time and weakens the Kingside} (17...c4 {Getting busy straight away is
the stronger continuation}) 18.Bxf6 Bxf6 19.Qh5+ (19.Qe4 {is an improvement
and what I was expecting in the game but Black is still better in both lines})
19...Bf7 {Now Black's position is beautiful, I am ready to embark on my
middle-game with my opponents King in the centre with no prospects to remedy
this situation} 20.Qg4 c4 {Putting the question to the rook, given the
sitiation of the white king a brave man might play Rf3 the best move but if I
was white I probably wouldn't vacate the d file here} 21.Rd1 O-O 22.e4 Be6
23.Qe2 Rad8 {At first site Rd8 seemed natural, but I after the expected Nd5 I
was a little spooked by the counter-play White got on the g8 a2 diagonal. I
wasn't convinced White couldn't find time to develop his Kingside pieces after
all so I swallowed humble pie after Nd5} 24.Nd5 Rc8 (24...Bxd5 25.exd5 Rxd5
(25...Qb6 {I was fine after Qb6 whites pieces are painful to look at}) 26.Qxc4
{But I saw I couldn't win this darned pawn and changed plans} Qxc4 (26...Kh8)
27.Bxc4 {This pin is a killer}) 25.Qd2 (25.c3 {is better}) 25...Bd8 {Still a
bit rattled I decided to preserve the Dark Square Bishop on the g1 a7
diagonal, Stockfish thinks Kh8 was stronger getting off the g8 a2 diagonal}
26.Qc3 {A huge mistake but one Harrison has made many times this game, He had
time to develop his Kingside again and didn't, he is stoill worse but not dead
lost. The rest of the game we bare witness to the total collapse of Whites
position} (26.Be2) 26...Bxd5 27.Rxd5 Qxa4 28.b3 cxb3 29.Qxb3 Qxe4+ 30.Kd1 Kh8
{Finally my King is on h8 :) and not a moment too soon} 31.Bd3 Qxg2 32.Re1 Bg5
{I am fully apreciating my Dark Square Bishop now} 33.Be2 Rfd8 34.c4 Rxd5+
(34...Qxd5+ {pity I never saw this, it's just prettier} 35.Kc2 Qd2+ 36.Kb1
Qxe1+ 37.Ka2 Qxe2+) 35.Kc2 (35.cxd5 Rc1# {But this is pretty too}) 35...Rd2+
{Was a nice game, he plays stupid chess l have nothing against the man but if
he played by book he would play better and he would be come a strong good who
is he trying to play like tal lmao} {#R} 0-1

[Event "Spielvogel 2021"]
[Site "Mechanics Institute"]
[Date "2021.03.04"]
[Round "4"]
[White "Loveband, Rob"]
[Black "Cook, Patrick"]
[Result "1/2-1/2"]
[WhiteElo "1611"]
[BlackElo "1537"]

1.d4 Nf6 2.Bf4 d6 3.Nf3 g6 4.Nc3 Bg7 5.e4 O-O 6.Be2 Nbd7 7.Qd2 c5 8.d5 a6
9.Bh6 b5 10.Bxg7 Kxg7 11.Qe3 Ng4 12.Qc1 b4 13.Nd1 Nde5 14.Nxe5 Nxe5 15.f4 Ng4
16.h3 Nf6 17.Nf2 e6 18.dxe6 fxe6 19.O-O Bb7 {#d} 1/2-1/2

[Event "Spielvogel 2021"]
[Site "Mechanics Institute"]
[Date "2021.03.04"]
[Round "4"]
[White "Brotheridge, Jamie"]
[Black "Harrison, Harrison"]
[Result "0-1"]
[WhiteElo "1518"]
[BlackElo "1677"]

1.d4 c6 2.e4 a6 3.Nf3 f6 4.Bd3 Ra7 5.Be3 g6 6.c4 b6 7.a4 Bg7 8.Nc3 Nh6 9.h3
Nf7 10.Ra3 O-O 11.O-O d6 12.Nh2 e5 13.d5 cxd5 14.Nxd5 Nd7 15.a5 Rb7 16.axb6
Nxb6 17.Nxb6 Rxb6 18.Bxb6 Qxb6 19.Qb3 Qa7 20.Rfa1 Kh8 21.Nf1 Ng5 22.Ne3 Bh6
23.Ng4 Bg7 24.Qb4 f5 25.exf5 gxf5 26.Ne3 e4 27.Bc2 Be5 28.Rd1 Rg8 29.Rxd6?!
{kf1 is better l rushed this move jb} Nxh3+ 30.Kf1 Qe7 31.c5 {frizt16 like
this move jb} f4 32.Qxe4 Ng5 33.Nd5 {should have took the draw  l played fast
and forgot the knight was on g5} (33.Nf5 Qxd6 34.Nxd6 Nxe4 35.Bxe4 Bxd6
36.cxd6) 33...Qg7 34.Qe2 {qd3 is better jb} Nf7 35.Rb6? {l rushed again cant
help myself thats why l lose} Qxg2+ 36.Ke1 Qh1+ 37.Kd2 Qxd5+ 38.Qd3 Rd8
39.Qxd5 Rxd5+ 40.Rd3 Rxc5 41.Bb3 Kg7 {cant understand why we lose to hurrison
he would be a much better player if he played by book jb} {#R} 0-1

[Event "Spielvogel 2021"]
[Site "Mechanics Institute"]
[Date "2021.03.11"]
[Round "5"]
[White "Cook, Patrick"]
[Black "Dao, Paul"]
[Result "1/2-1/2"]
[WhiteElo "1537"]
[BlackElo "1450"]

1.b3 d5 2.Bb2 Nc6 3.e3 Bd7 4.Nf3 e6 5.a3 Nh6 6.Be2 Rg8 7.h3 f5 8.d3 Be7 9.Nbd2
Nf7 10.c4 Bf6 11.d4 Ne7 12.cxd5 Nxd5 13.Rc1 c6 14.O-O g5 15.Nh2 Qb8 16.Qc2 Rh8
17.Bd3 h5 18.e4 Ne7 19.e5 {White offered a draw...(P.C.)} Bg7 20.g3 Nd5
21.Rfe1 Ne7 22.b4 Rg8 23.Nb3 b6 24.Qe2 g4 25.h4 Bh6 26.Rcd1 f4 27.Qc2 Nd5
28.Bc1 fxg3 29.fxg3 Bxc1 30.Rxc1 {Black offered a draw...(P.C.)} Ne7 {I
insisted  he make a move first...(P.C.)} {#d} 1/2-1/2

[Event "Spielvogel, 2021"]
[Site "Mechanics Institute"]
[Date "2021.03.11"]
[Round "5"]
[White "van Riel, Bas"]
[Black "Coffey, Ruari"]
[Result "1-0"]
[WhiteElo "1644"]
[BlackElo "1701"]

1.Nf3 Nf6 2.g3 g6 3.c4 Bg7 4.Bg2 O-O 5.O-O c6 6.d4 d5 7.cxd5 cxd5 8.Nc3 Nc6
9.e3 Bf5 10.a3 Ne4 11.Nh4 Nxc3 12.bxc3 Bc8 13.Qb3 e6 {(BvR) The intention of
13.Qb3 was to restrict black's white-bishop and making it weak. This became
the theme of the game until the end. However, in the short term, it allows
black to post a powerful knight on c4. When I played Qb3, I had spent about 10
minutes to work out the pros and cons, and convincing myself that it was
worthwhile trying...} 14.Re1 Na5 15.Qc2 Bd7 16.a4 Bc6 17.Nf3 Nc4 18.Nd2 Rc8
19.Nxc4 dxc4 20.e4 f5 21.f3 {(BvR) 21.d5  is tempting, exd5; 22.exd5, Bxd5?;
23.Rd1 is winning for white. I could not work out the complications of my
disconnected passed d-pawn after 22...Be8} Rf7 22.Be3 b5 23.axb5 Bxb5 24.Red1
Rd7 25.d5 exd5 26.exf5 gxf5 27.Bxa7 {(BvR) Bh3 instead} Ra8 28.Bf2 f4 29.Rxa8
Qxa8 30.Bd4 fxg3 31.hxg3 Bxd4+ 32.Rxd4 Qa1+ 33.Kh2 Qa6 34.Qf5 Qd6 35.Bh3 Kh8
36.Qg5 Qe7 37.Qd2! Rd6 38.Rxd5 Rxd5 39.Qxd5 Qe2+ 40.Bg2 Qe8 41.f4 Kg7 42.Qg5+
Kh8 43.Qf6+ Kg8 44.Bd5+ {#r} 1-0